The cult of the avant-garde artist / (Record no. 20078)

000 -LEADER
fixed length control field 01297cam a2200301 a 4500
001 - CONTROL NUMBER
control field 4394099
005 - DATE AND TIME OF LATEST TRANSACTION
control field 20170118115244.0
008 - FIXED-LENGTH DATA ELEMENTS--GENERAL INFORMATION
fixed length control field 920615s1993 enk b 001 0 eng
010 ## - LIBRARY OF CONGRESS CONTROL NUMBER
LC control number 92001733
020 ## - INTERNATIONAL STANDARD BOOK NUMBER
International Standard Book Number 0521413451
040 ## - CATALOGING SOURCE
Original cataloging agency DLC
Transcribing agency DLC
Modifying agency DLC
050 00 - LIBRARY OF CONGRESS CALL NUMBER
Classification number N6490
Item number .K86 1993
100 1# - MAIN ENTRY--PERSONAL NAME
Personal name Kuspit, Donald B.
Fuller form of name (Donald Burton),
Dates associated with a name 1935-
245 14 - TITLE STATEMENT
Title The cult of the avant-garde artist /
Statement of responsibility, etc. Donald Kuspit.
260 ## - PUBLICATION, DISTRIBUTION, ETC. (IMPRINT)
Place of publication, distribution, etc. Cambridge ;
-- New York :
Name of publisher, distributor, etc. Cambridge University Press,
Date of publication, distribution, etc. 1993.
300 ## - PHYSICAL DESCRIPTION
Extent 175 p. :
Dimensions 23 cm.
504 ## - BIBLIOGRAPHY, ETC. NOTE
Bibliography, etc Includes bibliographical references (p. [114]-171) and index.
650 #0 - SUBJECT ADDED ENTRY--TOPICAL TERM
Topical term or geographic name as entry element Avant-garde (Aesthetics)
General subdivision History
Chronological subdivision 20th century.
650 #0 - SUBJECT ADDED ENTRY--TOPICAL TERM
Topical term or geographic name as entry element Art, Modern
Chronological subdivision 20th century.
856 42 - ELECTRONIC LOCATION AND ACCESS
Materials specified Publisher description
Uniform Resource Identifier <a href="http://www.loc.gov/catdir/description/cam025/92001733.html">http://www.loc.gov/catdir/description/cam025/92001733.html</a>
856 41 - ELECTRONIC LOCATION AND ACCESS
Materials specified Table of contents
Uniform Resource Identifier <a href="http://www.loc.gov/catdir/toc/cam024/92001733.html">http://www.loc.gov/catdir/toc/cam024/92001733.html</a>
942 ## - ADDED ENTRY ELEMENTS (KOHA)
Source of classification or shelving scheme
Koha item type Hard Covered Materials
Classification part N6490 .K86 1993
Holdings
Withdrawn status Lost status Source of classification or shelving scheme Damaged status Not for loan Home library Current library Shelving location Date acquired Source of acquisition Total Checkouts Full call number Barcode Date last seen Price effective from Koha item type
          MACHAKOS UNIVERSITY LIBRARY MACHAKOS UNIVERSITY LIBRARY Technical section 18/01/2017 Donation(BFA)   N6490 .K86 1993 30213 12/06/2018 18/01/2017 Hard Covered Materials
© Machakos University Library, Along The Highway, Machakos Wote Rd, Machakos, Kenya P.O. Box 136 - 90100 Machakos - Kenya

Tel: ( +254 ) 723 805829 OR Fax : 044-20353 OR Email: library@mksu.ac.ke